Estadísticas para Capitales del Mundo por Proximidad

Haz click aquí para tomar la prueba!

Estadísticas generales

  • Esta prueba ha sido tomada 12.963 veces
  • La puntuación promedio es 97 de 196

Respuestas en el mapa

Las respuestas están codificadas por una escala verde-roja en el mapa de la prueba según el % correcto abajo.
Cargando...
 

Estadísticas de respuestas

Capital% Correcto
Mónaco
96%
Andorra
la Vieja
95%
Luxemburgo
95%
Vaduz
95%
Berlín
94%
Berna
94%
Liubliana
94%
Praga
94%
San Marino
94%
Ámsterdam
93%
Argel
92%
Bratislava
92%
Bruselas
92%
Budapest
92%
Riga
91%
Viena
91%
Vilna
91%
Copenhague
90%
Madrid
90%
Minsk
90%
París
90%
Zagreb
90%
Lisboa
89%
Londres
89%
Rabat
89%
Belgrado
88%
Podgorica
87%
Sarajevo
87%
Pristina
86%
Skopie
86%
Sofía
86%
Tirana
85%
Ciudad del
Vaticano
84%
Roma
84%
Varsovia
84%
Buenos Aires
82%
Montevideo
82%
Helsinki
81%
Tallin
81%
Estocolmo
79%
Bucarest
78%
Ottawa
78%
Washington
78%
Kiev
77%
La Valeta
77%
Oslo
77%
Belmopán
76%
Dublin
76%
Moscú
76%
Managua
75%
San José
75%
Nicosia
73%
Chișinău
70%
Túnez
70%
Ankara
69%
Ciudad de
Panamá
69%
Atenas
68%
Bogotá
67%
Ciudad de
Guatemala
67%
Pekín
67%
Pionyang
67%
San Salvador
67%
Seúl
67%
Tegucigalpa
67%
Amán
66%
Basseterre
66%
Beirut
66%
Brasilia
66%
Caracas
66%
Damasco
66%
Jerusalén
66%
Kingston
66%
Roseau
66%
Saint John's
66%
Bridgetown
65%
Ciudad de
México
65%
Puerto España
65%
Saint George
65%
Castries
64%
Habana
62%
Nasáu
62%
Santo Domingo
62%
Santiago
60%
Quito
59%
Kingstown
56%
Lima
56%
Bagdad
55%
Cairo
54%
Katmandú
52%
Ereván
49%
Kuwait
49%
Sucre
46%
Tokio
46%
Gaborone
44%
Harare
44%
Manama
44%
Maputo
44%
Maseru
44%
Mbabane
44%
Pretoria
44%
Puerto Príncipe
44%
Georgetown
43%
Islamabad
43%
Riad
43%
Bisáu
42%
Conakri
42%
Asunción
41%
Canberra
41%
Freetown
41%
Banjul
40%
Naipyidó
39%
Nueva Delhi
39%
Reikiavik
39%
Abu Dhabi
38%
Dakar
38%
Doha
38%
Teherán
38%
Yamusukro
38%
Abuya
36%
Bakú
36%
Malabo
36%
Santo Tomé
36%
Tiflis
35%
Yaundé
35%
Libreville
34%
Nuakchot
34%
Acra
33%
Daca
33%
Lomé
33%
Niamey
33%
Porto-Novo
33%
Yuba
33%
Praia
32%
Timbu
32%
Uagadugú
32%
Gitega
31%
Kampala
31%
Kigali
31%
Nairobi
31%
Trípoli
31%
Dodoma
30%
Asjabad
29%
Brazzaville
29%
Kinsasa
29%
Paramaribo
29%
Bamako
28%
Adís Abeba
27%
Singapur
27%
Asmara
26%
Bangkok
26%
Vientián
26%
Monrovia
25%
Dusambé
24%
Hanói
24%
Taskent
24%
Luanda
23%
Nom Pen
23%
Saná
23%
Yakarta
23%
Yibuti
23%
Mascate
22%
Kabul
21%
Biskek
20%
Yamena
20%
Jartum
19%
Wellington
18%
Kuala Lumpur
17%
Nursultán
16%
Manila
13%
Ulán Bator
13%
Antananarivo
12%
Lilongüe
12%
Moroni
12%
Bangui
11%
Nukualofa
11%
Lusaka
9%
Mogadiscio
8%
Suva
8%
Apia
7%
Colombo
7%
Majuro
7%
Malé
7%
Tarawa
7%
Windhoek
7%
Yaren
7%
Taipéi
6%
Dili
5%
Victoria
5%
Palikir
4%
Port Moresby
4%
Funafuti
3%
Honiara
3%
Port Louis
3%
Port Vila
3%
Bandar Seri
Begawan
2%
Melekeok
2%

Distribución de puntuación

Porcentaje por número respondido

Porcentaje de gente con cada puntuación

Historial de tus puntuaciones

No has tomado esta prueba